Banderas con leyendas y textos. - Estadísticas

Estadísticas generales
  • Esta prueba ha sido intentada 185 veces
  • La puntuación promedio es 10 de 13
Estadísticas de respuestas
Imagen Respuesta % Correcto
brasil
97%
Arabia Saudita
95%
Egipto
94%
Republica Dominicana
93%
El Salvador
79%
Brunei
77%
Andorra
76%
Belice
74%
Guinea Ecuatorial
68%
San Marino
65%
Guatemala
62%
Afganistan
52%
Iraq
49%
No se encontraron pruebas coincidentes
Distribución de puntuación
Porcentaje de gente con cada puntuación
Porcentaje por número respondido
Historial de tus puntuaciones
No has intentado esta prueba.